000 00318nam a2200133Ia 4500
008 240624s9999 xx 000 0 und d
041 _aeng
082 _a153.69 GIB
100 _aFAST JULIUS
245 _aBODY LANGUAGE
260 _c1971
_aNew Delhi
_bPocket Books
300 _a183 : p. : cm. ; 16
365 _cRS
_b25
999 _c23652
_d23652